Religion / (Record no. 118041)
[ view plain ]
| 000 -LEADER | |
|---|---|
| fixed length control field | 01429cam a2200373 a 4500 |
| 001 - CONTROL NUMBER | |
| control field | 1673633 |
| 003 - CONTROL NUMBER IDENTIFIER | |
| control field | ARRUPE |
| 005 - DATE AND TIME OF LATEST TRANSACTION | |
| control field | 20130925123507.0 |
| 008 - FIXED-LENGTH DATA ELEMENTS--GENERAL INFORMATION | |
| fixed length control field | 980715r19981996cau b 100 0 eng d |
| 010 ## - LIBRARY OF CONGRESS CONTROL NUMBER | |
| LC control number | 98060374 |
| 020 ## - INTERNATIONAL STANDARD BOOK NUMBER | |
| International Standard Book Number | 0804734860 (alk. paper) |
| 020 ## - INTERNATIONAL STANDARD BOOK NUMBER | |
| International Standard Book Number | 0804734879 (pbk. : alk. paper) |
| 035 ## - SYSTEM CONTROL NUMBER | |
| System control number | (OCoLC)40062174 |
| 040 ## - CATALOGING SOURCE | |
| Original cataloging agency | TNJ |
| Transcribing agency | TNJ |
| Modifying agency | DLC |
| 041 1# - LANGUAGE CODE | |
| Language code of text/sound track or separate title | eng |
| Language code of original and/or intermediate translations of text | fregeritaspa |
| 042 ## - AUTHENTICATION CODE | |
| Authentication code | lccopycat |
| 050 00 - LIBRARY OF CONGRESS CALL NUMBER | |
| Classification number | BL21 |
| Item number | .R435 1998 |
| 300 ## - PHYSICAL DESCRIPTION | |
| Dimensions | 24 cm. |
| 130 0# - MAIN ENTRY--UNIFORM TITLE | |
| Uniform title | Religion. |
| Language of a work | English. |
| 9 (RLIN) | 1247 |
| 245 00 - TITLE STATEMENT | |
| Title | Religion / |
| Statement of responsibility, etc | edited by Jacques Derrida and Gianni Vattimo. |
| 260 ## - PUBLICATION, DISTRIBUTION, ETC. (IMPRINT) | |
| Place of publication, distribution, etc | Stanford, CA : |
| Name of publisher, distributor, etc | Stanford University Press, |
| Date of publication, distribution, etc | 1998. |
| 300 ## - PHYSICAL DESCRIPTION | |
| Extent | x, 211 p. ; |
| 440 #0 - SERIES STATEMENT/ADDED ENTRY--TITLE | |
| Title | Cultural memory in the present |
| 9 (RLIN) | 1248 |
| 500 ## - GENERAL NOTE | |
| General note | Originally published: Paris : Editions du Seuil, 1996. |
| 500 ## - GENERAL NOTE | |
| General note | Papers presented at a seminar held at Capri, Feb. 28-Mar. 1, 1994. |
| 504 ## - BIBLIOGRAPHY, ETC. NOTE | |
| Bibliography, etc | Includes bibliographical references. |
| 546 ## - LANGUAGE NOTE | |
| Language note | French edition chiefly translated from German, Italian, and Spanish. |
| 650 #0 - SUBJECT ADDED ENTRY--TOPICAL TERM | |
| Topical term or geographic name as entry element | Religion |
| Form subdivision | Congresses. |
| 9 (RLIN) | 1249 |
| 700 1# - ADDED ENTRY--PERSONAL NAME | |
| Personal name | Derrida, Jacques. |
| 9 (RLIN) | 1250 |
| 700 1# - ADDED ENTRY--PERSONAL NAME | |
| Personal name | Vattimo, Gianni, |
| Dates associated with a name | 1936- |
| 9 (RLIN) | 1251 |
| 856 42 - ELECTRONIC LOCATION AND ACCESS | |
| Materials specified | Publisher description |
| Uniform Resource Identifier | <a href="http://www.loc.gov/catdir/enhancements/fy0710/98060374-d.html">http://www.loc.gov/catdir/enhancements/fy0710/98060374-d.html</a> |
| 906 ## - LOCAL DATA ELEMENT F, LDF (RLIN) | |
| a | 7 |
| b | cbc |
| c | copycat |
| d | 2 |
| e | opcn |
| f | 19 |
| g | y-gencatlg |
| 942 ## - ADDED ENTRY ELEMENTS (KOHA) | |
| Source of classification or shelving scheme | Library of Congress Classification |
| Koha item type | Monograph ( Printed materials) |
| Withdrawn status | Lost status | Source of classification or shelving scheme | Damaged status | Not for loan | Home library | Current library | Shelving location | Date acquired | Total Checkouts | Full call number | Barcode | Date last seen | Price effective from | Koha item type |
|---|---|---|---|---|---|---|---|---|---|---|---|---|---|---|
| Library of Congress Classification | ARRUPE LIBRARY | ARRUPE LIBRARY | Main Collection | 25/09/2013 | BL21 .R435 1998 | 46409765 | 26/10/2016 | 25/09/2013 | Monograph ( Printed materials) |